[Event "San Vicente op 8th"]
[Site "San Vicente"]
[Date "2024.03.28"]
[Round "2"]
[White "Real, Thibault"]
[Black "Diaz Camallonga, Carles"]
[Result "0-1"]
[WhiteElo "2242"]
[BlackElo "2491"]
[PlyCount "178"]
[EventDate "2024.03.27"]
[EventType "swiss"]
[EventRounds "9"]
[EventCountry "ESP"]
[SourceTitle "CB14_2024"]
[SourceDate "2024.04.01"]
[SourceVersion "1"]
[SourceVersionDate "2024.04.01"]
[SourceQuality "1"]

1. e4 e6 2. d4 d5 3. e5 c5 4. c3 Nc6 5. Nf3 Bd7 6. Be2 Nge7 7. Na3 cxd4 8. cxd4 Nf5 9. Nc2 Be7 10. 0-0 0-0 11. Bd3 f6 12. Bf4 g5 13. exf6 gxf4 14. fxe7 Qxe7 15. Re1 Nh4 16. Bb5 Rf5 17. b4 Raf8 18. a4 Kh8 19. Bf1 Rg8 20. b5 Nd8 21. Re5 Rff8 22. Nce1 Nf7 23. Rh5 Nxf3+ 24. Nxf3 Be8 25. Qe1 Qf6 26. Rc1 h6 27. Ne5 Ng5 28. Rh4 Ne4 29. Rh3 Rg7 30. f3 Ng5 31. Rh4 Kg8 32. Kh1 h5 33. Qb4 Ne4 34. Qe1 Nd6 35. Nd3 Qh6 36. Ne5 Nf5 37. Rh3 Qf6 38. Qb4 Qe7 39. Qxe7 Rxe7 40. Bd3 Nxd4 41. Bg6 Kg7 42. Bxe8 Rfxe8 43. Rxh5 Nf5 44. Nd3 Ne3 45. Nxf4 e5 46. Nd3 Kg6 47. g4 e4 48. Nf4+ Kg7 49. fxe4 dxe4 50. Rcc5 Kg8 51. h3 Rg7 52. Rhe5 Rge7 53. Rg5+ Rg7 54. Rge5 Rge7 55. Rg5+ Rg7 56. Rxg7+ Kxg7 57. Kg1 b6 58. Rc7+ Kf6 59. Kf2 Nd1+ 60. Ke2 Nb2 61. h4 Nxa4 62. g5+ Ke5 63. Ke3 Nb2 64. Ng6+ Kf5 65. Ne7+ Ke6 66. Nc6 Nc4+ 67. Kd4 Nd6 68. Nxa7 Ra8 69. Ke3 Rh8 70. Nc6 Rxh4 71. g6 Rg4 72. g7 Nf5+ 73. Kf2 Kd6 74. Rf7 Nxg7 75. Ke3 Kc5 76. Ne5 Rg1 77. Rc7+ Kxb5 78. Kxe4 Re1+ 79. Kd5 Rd1+ 80. Ke4 Ne6 81. Re7 Nc5+ 82. Ke3 Rd5 83. Nf3 Kc4 84. Ke2 b5 85. Re5 Rd8 86. Nd2+ Kb4 87. Re3 Ka4 88. Rc3 Rxd2+ 89. Kxd2 Ne4+ 0-1

[Event "BEL-ch"]
[Site "Bruges"]
[Date "2022.08.17"]
[Round "7"]
[White "Dardha, Daniel"]
[Black "Real, Thibault"]
[Result "1-0"]
[WhiteElo "2599"]
[BlackElo "2266"]
[PlyCount "55"]
[EventDate "2022.08.11"]
[EventType "tourn"]
[EventRounds "9"]
[EventCountry "BEL"]
[EventCategory "4"]
[SourceTitle "CBM 209 Extra"]
[Source "ChessBase"]
[SourceDate "2022.09.30"]
[SourceVersion "1"]
[SourceVersionDate "2022.09.30"]
[SourceQuality "1"]

1. d4 Nf6 2. c4 e6 3. g3 d5 4. Bg2 dxc4 5. Qa4+ Bd7 6. Qxc4 Bc6 7. Nf3 Bd5 8. Qd3 Be4 9. Qd1 c5 10. Nc3 Bc6 11. 0-0 Nbd7 12. e4 Nxe4 13. Nxe4 Bxe4 14. Re1 Bd5 15. dxc5 Be7 16. Bg5 Nxc5 17. Bxe7 Qxe7 18. Qd4 f6 19. Rac1 Nd7 20. Bh3 Nb6 21. a4 Rd8 22. a5 Bxf3 23. Qf4 Bd5 24. axb6 axb6 25. Rc7 Qd6 26. Bxe6 Bxe6 27. Qc4 Rd7 28. Rxe6+ 1-0

[Event "BEL-ch"]
[Site "Bruges"]
[Date "2022.08.11"]
[Round "1"]
[White "Real, Thibault"]
[Black "Van der Stricht, Geert"]
[Result "1-0"]
[WhiteElo "2266"]
[BlackElo "2365"]
[PlyCount "91"]
[EventDate "2022.08.11"]
[EventType "tourn"]
[EventRounds "9"]
[EventCountry "BEL"]
[EventCategory "4"]
[SourceTitle "CBM 209 Extra"]
[Source "ChessBase"]
[SourceDate "2022.09.30"]
[SourceVersion "1"]
[SourceVersionDate "2022.09.30"]
[SourceQuality "1"]

1. c4 e6 2. Nf3 d5 3. e3 Nf6 4. b3 c5 5. Bb2 Nc6 6. cxd5 exd5 7. Be2 Bd6 8. Nc3 0-0 9. 0-0 Re8 10. Rc1 Bg4 11. Na4 b6 12. d4 Ne4 13. dxc5 bxc5 14. Ba3 Re6 15. Nxc5 Nxc5 16. Bxc5 Bxf3 17. Bxf3 Bxh2+ 18. Kxh2 Qh4+ 19. Kg1 Rh6 20. Bh5 Rxh5 21. f4 Rd8 22. Qf3 Rh6 23. Rfd1 Qh2+ 24. Kf2 Qh4+ 25. Ke2 Qf6 26. Rc2 Qe6 27. Rcd2 d4 28. f5 Qc8 29. Bxd4 Re8 30. Bb2 Ne7 31. Rd7 Qc2+ 32. R1d2 Qxf5 33. Rxe7 Qb5+ 34. Kf2 Rxe7 35. Rd8+ Re8 36. Qd5 Rhe6 37. Qxb5 Rxd8 38. Bd4 a6 39. Qg5 f6 40. Qa5 Red6 41. Bb6 Rd2+ 42. Kg1 R8d5 43. Qxa6 Rd1+ 44. Kh2 R1d2 45. Bd4 Rg5 46. Qc4+ 1-0

[Event "Francophonie-ch 8th"]
[Site "Casablanca"]
[Date "2022.07.03"]
[Round "3"]
[White "Travadon, Loic"]
[Black "Real, Thibault"]
[Result "1-0"]
[WhiteElo "2452"]
[BlackElo "2267"]
[PlyCount "143"]
[EventDate "2022.07.02"]
[EventType "swiss"]
[EventRounds "9"]
[EventCountry "MAR"]
[SourceTitle "EXT 2023"]
[Source "ChessBase"]
[SourceDate "2022.10.05"]
[SourceVersion "1"]
[SourceVersionDate "2022.10.05"]
[SourceQuality "1"]

1. d4 Nf6 2. c4 e6 3. Nc3 Bb4 4. Bd2 0-0 5. e3 d5 6. Nf3 Re8 7. Qc2 b6 8. cxd5 exd5 9. a3 Bf8 10. b4 c5 11. bxc5 bxc5 12. Bb5 Re6 13. 0-0 Ba6 14. Ng5 Rb6 15. a4 cxd4 16. Ne2 Nc6 17. Nxd4 Nxd4 18. exd4 Bxb5 19. axb5 Rxb5 20. Ra6 Ne4 21. Nxe4 dxe4 22. Qxe4 Qd5 23. Qxd5 Rxd5 24. Be3 g6 25. Rc1 h5 26. g3 Bg7 27. Rc4 Rad8 28. Raa4 R8d7 29. Kg2 Bf6 30. Kf3 Bd8 31. Rc5 R5d6 32. Ke4 Bb6 33. Rc8+ Kg7 34. Rac4 f5+ 35. Kd3 h4 36. Kc3 hxg3 37. fxg3 Kf7 38. h4 Rd5 39. Kd3 R5d6 40. R8c6 Rd5 41. Ra4 Rd8 42. Rac4 R8d7 43. h5 gxh5 44. Rh6 R7d6 45. Rxh5 Kg6 46. Rh6+ Kg7 47. Rxd6 Rxd6 48. Bf4 Rd7 49. Be5+ Kg6 50. Rc6+ Kg5 51. Kc4 Kg4 52. d5 Kf3 53. Bf4 Bf2 54. Rg6 a5 55. d6 a4 56. Kd5 a3 57. Be5 Ra7 58. Ke6 Ke4 59. Rh6 Bxg3 60. Bxg3 a2 61. Rh4+ Kf3 62. Be5 a1Q 63. Bxa1 Rxa1 64. Kxf5 Rd1 65. Ke6 Re1+ 66. Kd7 Ra1 67. Kd8 Kg3 68. Re4 Kf3 69. Rd4 Ke3 70. Rh4 Kf3 71. d7 Ke3 72. Ke8 1-0

[Event "FRA-chT Top 16 GpB"]
[Site "Chartres"]
[Date "2022.06.12"]
[Round "4.1"]
[White "Real, Thibault"]
[Black "Cornette, Matthieu"]
[Result "1/2-1/2"]
[WhiteElo "2279"]
[BlackElo "2563"]
[PlyCount "102"]
[EventDate "2022.06.09"]
[EventType "team-tourn"]
[EventRounds "7"]
[EventCountry "FRA"]
[SourceTitle "CBM 208 Extra"]
[Source "ChessBase"]
[SourceDate "2022.07.31"]
[SourceVersion "1"]
[SourceVersionDate "2022.07.31"]
[SourceQuality "1"]
[WhiteTeam "Echiquier de l'Erdre"]
[BlackTeam "Asnieres"]
[WhiteTeamCountry "FRA"]
[BlackTeamCountry "FRA"]

1. e4 c6 2. Nf3 d5 3. Nc3 dxe4 4. Nxe4 Nf6 5. Qe2 Nxe4 6. Qxe4 Nd7 7. Bc4 Nf6 8. Qe2 Bf5 9. d4 e6 10. 0-0 Be7 11. c3 0-0 12. Bg5 h6 13. Bxf6 Bxf6 14. Rad1 Qc7 15. Rfe1 Rad8 16. Bd3 Bxd3 17. Rxd3 c5 18. dxc5 Rxd3 19. Qxd3 Qxc5 20. Rd1 b5 21. Qe3 Rc8 22. Rd7 a5 23. Qxc5 Rxc5 24. Nd2 Bg5 25. g3 Rc8 26. h4 Bxd2 27. Rxd2 Kf8 28. Rd7 Rc5 29. Rb7 g5 30. hxg5 hxg5 31. Ra7 a4 32. Ra5 Ke7 33. c4 Rxc4 34. Rxb5 f5 35. b3 axb3 36. axb3 Rc1+ 37. Kg2 g4 38. Rb6 Kf6 39. Rb5 Rb1 40. Kh2 Ke7 41. Rb6 Kd7 42. Kg2 Re1 43. b4 Rd1 44. b5 Rd6 45. Rb7+ Kc8 46. Re7 Rb6 47. f3 Kd8 48. Rg7 gxf3+ 49. Kxf3 Rxb5 50. Kf4 Ke8 51. Kg5 f4+ 1/2-1/2

[Event "FRA-chT Top 16 GpB"]
[Site "Chartres"]
[Date "2022.06.09"]
[Round "1.2"]
[White "Godart, Francois"]
[Black "Real, Thibault"]
[Result "1-0"]
[WhiteElo "2394"]
[BlackElo "2279"]
[PlyCount "83"]
[EventDate "2022.06.09"]
[EventType "team-tourn"]
[EventRounds "7"]
[EventCountry "FRA"]
[SourceTitle "CBM 208 Extra"]
[Source "ChessBase"]
[SourceDate "2022.07.31"]
[SourceVersion "1"]
[SourceVersionDate "2022.07.31"]
[SourceQuality "1"]
[WhiteTeam "St Quentin"]
[BlackTeam "Echiquier de l'Erdre"]
[WhiteTeamCountry "FRA"]
[BlackTeamCountry "FRA"]

1. d4 Nf6 2. c4 e6 3. g3 d5 4. Bg2 dxc4 5. Nf3 Nc6 6. Qa4 Bb4+ 7. Bd2 Nd5 8. Bxb4 Ndxb4 9. 0-0 Bd7 10. a3 b5 11. Qxb5 Nc2 12. Ra2 N6xd4 13. Qc5 Qe7 14. Qa5 Bc6 15. Nxd4 Nxd4 16. Bxc6+ Nxc6 17. Qa4 Qc5 18. Rc1 0-0 19. Rxc4 Qa5 20. Nc3 Qxa4 21. Nxa4 Na5 22. Rc3 Nb7 23. Rxc7 Nd6 24. Ra1 g6 25. Rac1 Rfd8 26. f3 Ne8 27. R7c6 Rd4 28. b4 Kg7 29. Kf2 h5 30. Ke3 Rd5 31. Nc3 Rd7 32. Ne4 Rb7 33. R1c5 Rd8 34. Ra5 Rd1 35. Rca6 Rc7 36. Rxa7 Rc2 37. Rc5 Rb2 38. Rc8 Nf6 39. Nxf6 Kxf6 40. Rcc7 Re1 41. Rxf7+ Kg5 42. h4+ 1-0

[Event "Sunway Formentera op 1st"]
[Site "Sant Ferran de ses Roques"]
[Date "2022.05.08"]
[Round "10"]
[White "Garcia Martin, Marta"]
[Black "Real, Thibault"]
[Result "0-1"]
[WhiteElo "2299"]
[BlackElo "2252"]
[PlyCount "80"]
[EventDate "2022.04.29"]
[EventType "swiss"]
[EventRounds "10"]
[EventCountry "ESP"]
[SourceTitle "EXT 2023"]
[Source "ChessBase"]
[SourceDate "2022.10.05"]
[SourceVersion "1"]
[SourceVersionDate "2022.10.05"]
[SourceQuality "1"]

1. e4 c5 2. Nc3 g6 3. d4 cxd4 4. Qxd4 Nf6 5. Be3 Nc6 6. Qd2 d6 7. f3 h5 8. 0-0-0 Qa5 9. Kb1 Be6 10. Nge2 0-0-0 11. Nf4 Bd7 12. Qf2 Bg7 13. Nb5 Nb4 14. Nxa7+ Kb8 15. a3 Na6 16. Bb6 Qa4 17. Bxd8 Rxd8 18. e5 dxe5 19. Qb6 Rf8 20. Nd5 Nxd5 21. Rxd5 Nc7 22. Rd2 e4 23. fxe4 Be5 24. Be2 f6 25. Rhd1 Bd6 26. Rxd6 exd6 27. Qxd6 Rf7 28. Rd3 Qxa7 29. Rc3 Qg1+ 30. Ka2 Bc6 31. Bc4 Rd7 32. Qxf6 Bxe4 33. Qf8+ Ka7 34. Qb4 Qd4 35. Rb3 Rd6 36. Qa5+ Na6 37. Rc3 Bxg2 38. Bb3 Bd5 39. Qb5 Bxb3+ 40. cxb3 Qd5 0-1

[Event "Sunway Formentera op 1st"]
[Site "Sant Ferran de ses Roques"]
[Date "2022.05.02"]
[Round "4"]
[White "Real, Thibault"]
[Black "Vrolijk, Liam"]
[Result "0-1"]
[WhiteElo "2252"]
[BlackElo "2474"]
[PlyCount "74"]
[EventDate "2022.04.29"]
[EventType "swiss"]
[EventRounds "10"]
[EventCountry "ESP"]
[SourceTitle "EXT 2023"]
[Source "ChessBase"]
[SourceDate "2022.10.05"]
[SourceVersion "1"]
[SourceVersionDate "2022.10.05"]
[SourceQuality "1"]

1. e4 c5 2. Nf3 d6 3. Bb5+ Nd7 4. c3 Ngf6 5. Qe2 a6 6. Ba4 b5 7. Bc2 e5 8. a4 Rb8 9. d4 Be7 10. 0-0 0-0 11. Na3 Qb6 12. Rd1 Re8 13. h3 Bf8 14. dxe5 dxe5 15. Be3 Qc6 16. axb5 axb5 17. c4 b4 18. Nb5 Bb7 19. Nd2 Ra8 20. Rxa8 Rxa8 21. Nf3 Be7 22. g4 h5 23. gxh5 Nxh5 24. Nh4 Nhf6 25. Nf5 Bf8 26. f3 Nb6 27. Qg2 Nxc4 28. Bh6 Nh5 29. Bxg7 Nxg7 30. Rd6 Nxd6 31. Nbxd6 Bc8 32. Nh6+ Kh7 33. Nhf5 Bxf5 34. exf5 Qxd6 35. f6+ Kg8 36. Qg5 Qd4+ 37. Kg2 Ra1 0-1

[Event "Sunway Formentera op 1st"]
[Site "Sant Ferran de ses Roques"]
[Date "2022.05.01"]
[Round "3"]
[White "Papadiamandis, Elliot"]
[Black "Real, Thibault"]
[Result "1-0"]
[WhiteElo "2385"]
[BlackElo "2252"]
[PlyCount "61"]
[EventDate "2022.04.29"]
[EventType "swiss"]
[EventRounds "10"]
[EventCountry "ESP"]
[SourceTitle "CBM 208 Extra"]
[Source "ChessBase"]
[SourceDate "2022.07.31"]
[SourceVersion "1"]
[SourceVersionDate "2022.07.31"]
[SourceQuality "1"]

1. e4 c5 2. Nc3 g6 3. Nf3 Bg7 4. Bc4 Nc6 5. 0-0 e6 6. d4 Nxd4 7. Nxd4 cxd4 8. Nb5 Qb6 9. c3 Ne7 10. Nxd4 0-0 11. Be3 Qc7 12. Bb3 a6 13. Qd2 b5 14. Bf4 e5 15. Bg3 Bb7 16. Rfe1 Rad8 17. Qg5 d6 18. Nc2 Kh8 19. f4 f5 20. fxe5 dxe5 21. exf5 Qc6 22. Bxe5 Bxe5 23. Rxe5 Nxf5 24. Re2 a5 25. Rae1 a4 26. Be6 Ng7 27. Nd4 Qb6 28. a3 Nxe6 29. Rxe6 Qc7 30. Re7 Rd7 31. Qh6 1-0

[Event "Sunway Formentera op 1st"]
[Site "Sant Ferran de ses Roques"]
[Date "2022.04.30"]
[Round "2"]
[White "Real, Thibault"]
[Black "Batsiashvili, Nino"]
[Result "1/2-1/2"]
[WhiteElo "2252"]
[BlackElo "2463"]
[PlyCount "95"]
[EventDate "2022.04.29"]
[EventType "swiss"]
[EventRounds "10"]
[EventCountry "ESP"]
[SourceTitle "CBM 208 Extra"]
[Source "ChessBase"]
[SourceDate "2022.07.31"]
[SourceVersion "1"]
[SourceVersionDate "2022.07.31"]
[SourceQuality "1"]

1. e4 e5 2. Nf3 Nc6 3. Nc3 Nf6 4. d4 exd4 5. Nxd4 Bb4 6. Nxc6 bxc6 7. Bd3 0-0 8. 0-0 d5 9. exd5 Bg4 10. Ne2 cxd5 11. f3 Bd7 12. c4 c6 13. b3 Re8 14. Bb2 Qe7 15. Qc2 h6 16. Rac1 Bc5+ 17. Kh1 Be3 18. Rcd1 a5 19. Ba1 a4 20. Bc3 axb3 21. axb3 Bb6 22. Qb2 Bd8 23. cxd5 cxd5 24. b4 Nh5 25. g4 Nf6 26. Ng3 Qd6 27. Bb1 Rc8 28. Qd2 Qa6 29. Bd4 Bb5 30. Rf2 Rc4 31. Nf5 Qa4 32. Nd6 Rxd4 33. Qxd4 Bb6 34. Qxb6 Qxd1+ 35. Kg2 Qxb1 36. Qxb5 Rf8 37. Qb6 Qd3 38. Nf5 h5 39. h3 Re8 40. Qd4 Qb1 41. Rb2 Qe1 42. g5 Re5 43. Qd3 Qc1 44. Qd2 Qxd2+ 45. Rxd2 Rxf5 46. gxf6 Rxf6 47. Rxd5 Rf4 48. Rxh5 1/2-1/2

[Event "Dublin Bolger Cup"]
[Site "Dublin"]
[Date "2022.03.27"]
[Round "4"]
[White "Real, Thibault"]
[Black "Turner, Matthew"]
[Result "1/2-1/2"]
[WhiteElo "2255"]
[BlackElo "2476"]
[PlyCount "62"]
[EventDate "2022.03.25"]
[EventType "swiss"]
[EventRounds "5"]
[EventCountry "IRL"]
[SourceTitle "CBM 207 Extra"]
[Source "ChessBase"]
[SourceDate "2022.05.31"]
[SourceVersion "1"]
[SourceVersionDate "2022.05.31"]
[SourceQuality "1"]

1. d4 Nf6 2. Nf3 e6 3. e3 b6 4. Bd3 Bb7 5. 0-0 d5 6. c4 dxc4 7. Bxc4 Nbd7 8. b3 c5 9. Bb2 Be7 10. Nc3 cxd4 11. Nxd4 0-0 12. Rc1 Ne5 13. Be2 Rc8 14. Nf3 Nxf3+ 15. Bxf3 Qxd1 16. Rfxd1 Bxf3 17. gxf3 Rfd8 18. Rxd8+ Bxd8 19. Kf1 Nd5 20. Nxd5 Rxc1+ 21. Bxc1 exd5 22. e4 dxe4 23. fxe4 g5 24. f4 gxf4 25. Bxf4 Kg7 26. Kg2 f5 27. Kf3 Kf6 28. Bb8 a6 29. Kf4 fxe4 30. Kxe4 Ke6 31. a4 b5 1/2-1/2

[Event "FRA-chT Top 12"]
[Site "Chalons en Champagne"]
[Date "2021.07.04"]
[Round "11.1"]
[White "Real, Thibault"]
[Black "Fantinel, Thibault"]
[Result "0-1"]
[WhiteElo "2267"]
[BlackElo "2380"]
[PlyCount "70"]
[EventDate "2021.06.24"]
[EventType "team-tourn"]
[EventRounds "11"]
[EventCountry "FRA"]
[SourceTitle "CBM 203 Extra"]
[Source "ChessBase"]
[SourceDate "2021.09.30"]
[SourceVersion "1"]
[SourceVersionDate "2021.09.30"]
[SourceQuality "1"]
[WhiteTeam "Echiquier de l'Erdre"]
[BlackTeam "Agenais Echiquier"]
[WhiteTeamCountry "FRA"]
[BlackTeamCountry "FRA"]

1. d4 Nf6 2. Bf4 d5 3. e3 e6 4. Nd2 Bd6 5. Bg3 0-0 6. Bd3 c5 7. c3 Qc7 8. dxc5 Qxc5 9. Ngf3 Nbd7 10. e4 Qc7 11. Qe2 dxe4 12. Nxe4 Nxe4 13. Bxe4 Nf6 14. 0-0-0 Bf4+ 15. Kb1 Bd7 16. Bc2 Bc6 17. Rd4 Bxg3 18. hxg3 h6 19. Ne5 Rfd8 20. Rf4 Rd5 21. Nxc6 bxc6 22. Rc4 Rad8 23. Rd1 Qb6 24. Rb4 Qc5 25. Rb7 Rxd1+ 26. Bxd1 Qd5 27. Bb3 Qxg2 28. a3 Ne4 29. Rxa7 Rd2 30. Qc4 Rxf2 31. Ra8+ Kh7 32. Qd4 Rxb2+ 33. Ka1 Rxb3 34. Rh8+ Kxh8 35. Qxg7+ Kxg7 0-1

[Event "Cappelle op 36th"]
[Site "Cappelle la Grande"]
[Date "2020.02.24"]
[Round "3"]
[White "Real, Thibault"]
[Black "Bellahcene, Bilel"]
[Result "1/2-1/2"]
[WhiteElo "2246"]
[BlackElo "2510"]
[PlyCount "98"]
[EventDate "2020.02.22"]
[EventType "swiss"]
[EventRounds "9"]
[EventCountry "FRA"]
[SourceTitle "CBM 195 Extra"]
[Source "ChessBase"]
[SourceDate "2020.05.31"]
[SourceVersion "1"]
[SourceVersionDate "2020.05.31"]
[SourceQuality "1"]

1. e4 e5 2. Nf3 Nc6 3. Nc3 Nf6 4. d4 exd4 5. Nxd4 Bb4 6. Nxc6 bxc6 7. Bd3 d6 8. h3 h6 9. Bd2 0-0 10. Qf3 Bc5 11. Ne2 Rb8 12. 0-0 Rxb2 13. Kh1 Re8 14. Bc3 Rb6 15. a4 Bb4 16. a5 Rb7 17. Bd4 c5 18. Bxf6 Qxf6 19. Ba6 Qe5 20. c3 Rb8 21. Bxc8 Rexc8 22. cxb4 cxb4 23. Nf4 Re8 24. Rfe1 b3 25. Rab1 Qxa5 26. Re3 b2 27. Nd3 Qc3 28. Re2 d5 29. e5 c5 30. Rexb2 Rxb2 31. Rxb2 c4 32. Rb7 Rf8 33. Nf4 Qe1+ 34. Kh2 Qxe5 35. g3 d4 36. Rd7 d3 37. Qd5 Qxd5 38. Nxd5 Kh7 39. Nc3 Rb8 40. Rc7 Rb3 41. Rxc4 d2 42. Nd1 Rb1 43. Ne3 d1Q 44. Nxd1 Rxd1 45. Rc7 a5 46. Rxf7 a4 47. Ra7 Rd4 48. g4 Kg6 49. f3 Kf6 1/2-1/2

[Event "BEL-ch"]
[Site "Roux"]
[Date "2019.07.30"]
[Round "5"]
[White "Real, Thibault"]
[Black "Dgebuadze, Alexandre"]
[Result "0-1"]
[WhiteElo "2262"]
[BlackElo "2495"]
[PlyCount "86"]
[EventDate "2019.07.27"]
[EventType "tourn"]
[EventRounds "9"]
[EventCountry "BEL"]
[EventCategory "5"]
[SourceTitle "CBM 191 Extra"]
[Source "ChessBase"]
[SourceDate "2019.09.30"]
[SourceVersion "1"]
[SourceVersionDate "2019.09.30"]
[SourceQuality "1"]

1. d4 Nf6 2. Bf4 d6 3. Nc3 Nbd7 4. Nf3 c5 5. d5 b5 6. Nxb5 Qa5+ 7. Nc3 Rb8 8. Bd2 Rxb2 9. e4 Rb7 10. Bc4 g6 11. 0-0 Bg7 12. h3 0-0 13. Qe2 Nh5 14. Qd3 Nb6 15. Rab1 Nxc4 16. Qxc4 Rb4 17. Rxb4 cxb4 18. Qb5 Qxb5 19. Nxb5 Ba6 20. Nxa7 Bxf1 21. Kxf1 Ra8 22. Nc6 Kf8 23. Bxb4 Rxa2 24. e5 Ra1+ 25. Ne1 Ke8 26. exd6 exd6 27. g3 Nf6 28. c4 Ne4 29. Ke2 Ra2+ 30. Ke3 f5 31. Nd3 Bh6+ 32. Kd4 Bg7+ 33. Ke3 Rc2 34. Na5 Kd7 35. h4 Bh6+ 36. Kd4 Nxf2 37. c5 Bg7+ 38. Ke3 Ng4+ 39. Kf3 Nh2+ 40. Ke3 Ng4+ 41. Kf3 Nh2+ 42. Ke3 Bh6+ 43. Kd4 Nf3# 0-1

[Event "Teplice op 14th"]
[Site "Teplice"]
[Date "2019.06.16"]
[Round "2"]
[White "Real, Thibault"]
[Black "Plat, Vojtech"]
[Result "0-1"]
[WhiteElo "2266"]
[BlackElo "2547"]
[PlyCount "172"]
[EventDate "2019.06.15"]
[EventType "swiss"]
[EventRounds "9"]
[EventCountry "CZE"]
[SourceTitle "CBM 191 Extra"]
[Source "ChessBase"]
[SourceDate "2019.09.30"]
[SourceVersion "1"]
[SourceVersionDate "2019.09.30"]
[SourceQuality "1"]

1. d4 d6 2. e4 Nf6 3. Nc3 e5 4. Nf3 Nbd7 5. Bc4 Be7 6. 0-0 0-0 7. Qe2 c6 8. a4 Qc7 9. Rd1 Nb6 10. Ba2 Bg4 11. h3 Bxf3 12. Qxf3 a5 13. Bb3 Nbd7 14. Ne2 Rfe8 15. c3 Bf8 16. Ng3 exd4 17. cxd4 c5 18. Bg5 cxd4 19. Nf5 Ne5 20. Qe2 d3 21. Rxd3 Nxd3 22. Bxf6 Ne5 23. Bg5 Rac8 24. Bd5 Qb6 25. Ra3 Qa6 26. Qh5 Rc5 27. Rg3 Rxd5 28. exd5 Qc4 29. Bf6 Ng6 30. Bc3 Qxa4 31. Qf3 Qe4 32. Qxe4 Rxe4 33. Bxa5 Re5 34. Ne3 Nf4 35. Bc3 Rh5 36. Kf1 Nxd5 37. Nxd5 Rxd5 38. Re3 f6 39. Re8 Kf7 40. Rb8 Rb5 41. Ke2 d5 42. Kd3 Bc5 43. f3 Rb6 44. Rc8 Bd6 45. Kd4 Rb5 46. g4 Bf4 47. h4 h6 48. h5 Be5+ 49. Kd3 Rb6 50. Rd8 Rd6 51. Rc8 Rd7 52. Bb4 g6 53. hxg6+ Kxg6 54. b3 h5 55. gxh5+ Kxh5 56. Bd2 Kg6 57. Rh8 Kf5 58. Rh5+ Ke6 59. Rh8 Rg7 60. Re8+ Kd7 61. Rh8 Rg3 62. Ke3 Rg2 63. Kd3 Rf2 64. Ke3 Rf1 65. b4 Rb1 66. Rh7+ Kc6 67. Rf7 Rb3+ 68. Ke2 b6 69. Rf8 Ra3 70. Rc8+ Kd7 71. Rf8 Ra1 72. Rf7+ Kc6 73. Rf8 Rh1 74. Rd8 Rh2+ 75. Kd3 Rh3 76. Ke2 d4 77. Rf8 Kb5 78. Be1 Rh1 79. Rd8 Rh3 80. Rd7 Kc4 81. Rd8 Rh2+ 82. Kd1 Ra2 83. Rc8+ Kd3 84. Rc1 Ke3 85. Rc6 Ra1+ 86. Rc1 Rxc1+ 0-1

[Event "Metz op 37th"]
[Site "Metz"]
[Date "2019.04.14"]
[Round "9"]
[White "Solodovnichenko, Yuri"]
[Black "Real, Thibault"]
[Result "1-0"]
[WhiteElo "2554"]
[BlackElo "2247"]
[PlyCount "129"]
[EventDate "2019.04.08"]
[EventType "swiss"]
[EventRounds "9"]
[EventCountry "FRA"]
[SourceTitle "CBM 189 Extra"]
[Source "ChessBase"]
[SourceDate "2019.06.03"]
[SourceVersion "1"]
[SourceVersionDate "2019.06.03"]
[SourceQuality "1"]

1. e4 c5 2. Ne2 e6 3. d4 cxd4 4. Nxd4 Nc6 5. Nc3 Qc7 6. Be3 a6 7. a3 Nf6 8. f4 d5 9. e5 Nd7 10. Qg4 Nxd4 11. Bxd4 h5 12. Qg3 g6 13. 0-0-0 Bc5 14. Nxd5 exd5 15. e6 Bxd4 16. exd7+ Bxd7 17. Rxd4 0-0-0 18. Bd3 Be6 19. Re1 Rhe8 20. Re5 Rd6 21. Qe1 Kb8 22. g3 Rc8 23. c3 Qb6 24. Kb1 Rdc6 25. Rb4 Qc7 26. Ka1 d4 27. Rxd4 Rd8 28. Rxd8+ Qxd8 29. Bxg6 Rd6 30. Bxh5 Ka7 31. f5 Bb3 32. Qe3+ Qb6 33. Qxb6+ Kxb6 34. Re4 a5 35. Rd4 Rh6 36. Bd1 Bxd1 37. Rxd1 Rxh2 38. Rd6+ Ka7 39. Rd7 Rg2 40. Rxf7 Rxg3 41. Ka2 a4 42. Rd7 Rf3 43. Rd4 b5 44. c4 Kb6 45. cxb5 Kxb5 46. Rd5+ Kb6 47. Kb1 Rf2 48. Kc1 Ka6 49. Rc5 Kb6 50. Re5 Ka6 51. Kd1 Rxb2 52. Ke1 Rb7 53. Kf2 Kb6 54. Kf3 Kc6 55. Kf4 Kd6 56. Ra5 Ke7 57. Kg5 Rb1 58. Ra7+ Kf8 59. Kg6 Ke8 60. Rxa4 Rb2 61. Ra8+ Ke7 62. f6+ Ke6 63. Re8+ Kd7 64. f7 Rg2+ 65. Kh5 1-0

[Event "Metz op 37th"]
[Site "Metz"]
[Date "2019.04.10"]
[Round "4"]
[White "Real, Thibault"]
[Black "Bujisho, Benjamin"]
[Result "1/2-1/2"]
[WhiteElo "2247"]
[BlackElo "2339"]
[PlyCount "120"]
[EventDate "2019.04.08"]
[EventType "swiss"]
[EventRounds "9"]
[EventCountry "FRA"]
[SourceTitle "CBM 189 Extra"]
[Source "ChessBase"]
[SourceDate "2019.06.03"]
[SourceVersion "1"]
[SourceVersionDate "2019.06.03"]
[SourceQuality "1"]

1. d4 Nf6 2. c4 d6 3. Nc3 Nbd7 4. e4 e5 5. d5 Be7 6. g3 Nc5 7. Bg2 a5 8. Nge2 0-0 9. 0-0 c6 10. h3 cxd5 11. cxd5 b5 12. Nxb5 Nfxe4 13. Nec3 Nxc3 14. Nxc3 Ba6 15. Re1 Nd3 16. Re4 f5 17. Ra4 Qb6 18. Qc2 Nxc1 19. Rxc1 Rab8 20. Ra3 Bg5 21. Rb3 Qa7 22. Rxb8 Rxb8 23. Re1 Qd7 24. h4 Bd8 25. Bh3 g6 26. h5 Kg7 27. Kg2 Bb6 28. Rh1 Bd4 29. Qd2 Qf7 30. hxg6 Qxg6 31. Qc2 Rf8 32. Kh2 f4 33. Qxg6+ hxg6 34. Ne4 Bb7 35. Be6 Ba6 36. Rc1 Bd3 37. Rc7+ Kh6 38. Nxd6 fxg3+ 39. Kxg3 Bxf2+ 40. Kg2 Be3 41. Nf7+ Kh5 42. d6 Bb6 43. Kg3 Bf5 44. Rc2 Rxf7 45. Rh2+ Kg5 46. Bxf7 e4 47. Bc4 Be3 48. Rf2 Bxf2+ 49. Kxf2 Kf6 50. Bb5 Ke6 51. d7 Ke7 52. Ke3 Bxd7 53. Bxd7 Kxd7 54. Kxe4 Kd6 55. b3 a4 56. bxa4 Kc5 57. Kf4 Kb4 58. a3+ Ka5 59. Kg5 Kxa4 60. Kxg6 Kxa3 1/2-1/2

[Event "Metz op 37th"]
[Site "Metz"]
[Date "2019.04.09"]
[Round "3"]
[White "Omelja, Artem"]
[Black "Real, Thibault"]
[Result "1/2-1/2"]
[WhiteElo "2472"]
[BlackElo "2247"]
[PlyCount "122"]
[EventDate "2019.04.08"]
[EventType "swiss"]
[EventRounds "9"]
[EventCountry "FRA"]
[SourceTitle "CBM 189 Extra"]
[Source "ChessBase"]
[SourceDate "2019.06.03"]
[SourceVersion "1"]
[SourceVersionDate "2019.06.03"]
[SourceQuality "1"]

1. Nf3 d5 2. c4 c6 3. d4 Nf6 4. e3 e6 5. b3 a5 6. Nc3 Bb4 7. Bd2 Bd6 8. Bd3 Nbd7 9. 0-0 0-0 10. h3 e5 11. cxd5 cxd5 12. Nb5 Bb8 13. dxe5 Nxe5 14. Nxe5 Bxe5 15. Bc3 Qe7 16. Rc1 Ne4 17. Bxe5 Qxe5 18. f4 Qf5 19. Nd4 Qf6 20. Qh5 Be6 21. Rc7 g6 22. Qe5 Qxe5 23. fxe5 Rfc8 24. Rfc1 Rxc7 25. Rxc7 a4 26. b4 a3 27. Kf1 Re8 28. Bb5 Rb8 29. Ke2 h5 30. Kd3 h4 31. Kc2 Ng5 32. Kb3 Bf5 33. Nxf5 gxf5 34. Kxa3 Ne6 35. Rd7 f4 36. exf4 Nxf4 37. Kb3 Kg7 38. a4 Kg6 39. a5 Kf5 40. Rxf7+ Kxe5 41. Rg7 d4 42. Kc2 Nd5 43. Rg5+ Kd6 44. Kd3 Nxb4+ 45. Kxd4 Ra8 46. Rg6+ Ke7 47. Kc5 Nc2 48. Kb6 Ne3 49. Rg5 Kd6 50. Be2 Nd5+ 51. Rxd5+ Kxd5 52. Bf3+ Kd6 53. Bxb7 Rf8 54. a6 Rf2 55. Kb5 Rb2+ 56. Kc4 Kc7 57. Kc5 Rc2+ 58. Kd4 Kb6 59. Ke5 Rf2 60. Kd4 Rf8 61. Ke3 Rf6 1/2-1/2